|
|
|
|
| LEADER |
00852naa a2200217 i 4500 |
| 001 |
publ23699 |
| 005 |
20220224104012.0 |
| 008 |
220224s2001 hu o 0|| Spanyol d |
| 020 |
|
|
|a 9634725570
|
| 024 |
7 |
|
|a 2243173
|2 mtmt
|
| 040 |
|
|
|a SZTE Publicatio Repozitórium
|b hun
|
| 041 |
|
|
|a Spanyol
|
| 100 |
1 |
|
|a Csikós Zsuzsanna
|
| 245 |
1 |
3 |
|a La influencia de Cervantes en Cambio de piel de Carlos Fuentes
|h [elektronikus dokumentum] /
|c Csikós Zsuzsanna
|
| 260 |
|
|
|a Debreceni Egyetemi Kiadó
|b Debrecen
|c 2001
|
| 300 |
|
|
|a 8
|
| 300 |
|
|
|a 193-200
|
| 490 |
0 |
|
|a Cervantes y la narrativa moderna: Coloquio Internacional
|
| 650 |
|
4 |
|a Nyelvek és irodalom
|
| 856 |
4 |
0 |
|u http://publicatio.bibl.u-szeged.hu/23699/1/Cervantes_Fuentes.pdf
|z Dokumentum-elérés
|
| 856 |
4 |
0 |
|u http://publicatio.bibl.u-szeged.hu/23699/6/2243173_c%C3%ADmlap_tartj.pdf
|z Dokumentum-elérés
|